|
|
|
|
| LEADER |
00928nam a2200241 u 4500 |
| 001 |
10114469 |
| 003 |
upatras |
| 005 |
20210117205214.0 |
| 008 |
141118s1965 fr fre |
| 040 |
|
|
|a GR-PaULI
|c GR-PaULI
|
| 041 |
0 |
|
|a fre
|
| 082 |
0 |
4 |
|a 515.9
|
| 100 |
1 |
|
|9 27428
|a Garnir, H. G.
|d 1921-
|q (Henri G.),
|4 aut
|
| 245 |
1 |
0 |
|a Fonctions d'une variable complexe
|c par H.G. Garnir et J. Gobert
|
| 260 |
|
|
|a Louvain
|b Librairie universitaire
|c 1965
|
| 300 |
|
|
|a 338 σ.
|c 24 εκ.
|
| 650 |
|
4 |
|a Μιγαδικές μεταβλητές
|9 203
|
| 700 |
1 |
|
|a Gobert, J.
|4 aut
|9 141614
|
| 852 |
|
|
|a GR-PaULI
|b ΠΑΤΡΑ
|b ΒΚΠ
|b ΒΣ1
|k ΑΣΧΞ
|h 515.9 GAR
|m 124294
|p 025000241568
|t 1
|
| 942 |
|
|
|2 ddc
|c BK15
|
| 952 |
|
|
|0 0
|1 0
|4 0
|6 515_900000000000000_GAR
|7 0
|9 171624
|a LISP
|b LISP
|c BSC
|d 2016-04-24
|i 124294
|l 0
|o 515.9 GAR
|p 025000241568
|r 2016-04-24 00:00:00
|t 1
|w 2016-04-24
|y BK15
|
| 998 |
|
|
|c ΔΡΑΚΟΠΟΥΛΟΥ
|d 2004-02
|
| 999 |
|
|
|c 107386
|d 107386
|